Fundamentos éticos del progreso social (Registro nro. 29081)

Detalles MARC
000 -LEADER
fixed length control field 00373 a2200109 4500
001 - CONTROL NUMBER
control field ART_49773
005 - DATE AND TIME OF LATEST TRANSACTION
control field 20260410161936.0
008 - FIXED-LENGTH DATA ELEMENTS--GENERAL INFORMATION
fixed length control field 260409a
100 1# - MAIN ENTRY--PERSONAL NAME
Personal name Benegas Lynch, Alberto
245 10 - TITLE STATEMENT
Title Fundamentos éticos del progreso social
773 0# - HOST ITEM ENTRY
Title Anales de la Academia Nacional de Ciencias Económicas
Related parts - Vol. XXVI, (1981) (ene./dic. 1981)
Record control number REV25596

No hay ítems disponibles.